00397nam a2200145Ia 4500020001800000082002100018245004200039260003800081300001300119504003600132650002100168650001400189650002500203700002300228 a1-85743-122-7 aRR 920.7203 INT- 0aInternational who's who of women 2002 aLondonbEuropa Publicationsc2002 axvi, 699 aincludes bibliography and index aWomenvBiography aYearbooks aWomen'svPeriodicals aSleeman, Elizabeth